Góp thêm tư liệu Sài Gòn - Gia Định từ 1859-1945
Spremljeno u:
| Glavni autor: | |
|---|---|
| Format: | Knjiga |
| Jezik: | Undetermined |
| Izdano: |
Tp. HCM
Trẻ
1998
|
| Teme: | |
| Oznake: |
Dodaj oznaku
Bez oznaka, Budi prvi tko označuje ovaj zapis!
|
| Thư viện lưu trữ: | Trung tâm Học liệu Trường Đại học Cần Thơ |
|---|
| LEADER | 00578nam a2200169Ia 4500 | ||
|---|---|---|---|
| 001 | CTU_22932 | ||
| 008 | 210402s9999 xx 000 0 und d | ||
| 082 | |a 959.704 | ||
| 082 | |b Qu106 | ||
| 100 | |a Nguyễn Phan Quang | ||
| 245 | 0 | |a Góp thêm tư liệu Sài Gòn - Gia Định từ 1859-1945 | |
| 245 | 0 | |c Nguyễn Phan Quang | |
| 260 | |a Tp. HCM | ||
| 260 | |b Trẻ | ||
| 260 | |c 1998 | ||
| 650 | |a gia dinh - description and travel,sai gon - description and travel,south vietnam - history - 1859-1945 | ||
| 980 | |a Trung tâm Học liệu Trường Đại học Cần Thơ | ||